Rus devlet arşivlerinden 150 belgede Ermeni meselesi/ (Record no. 13474)

MARC details
000 -BAŞLIK
Sabit Uzunlukta Kontrol Alanı 00782nam a22002417a 4500
999 ## - SİSTEM KONTROL NUMARALARI (KOHA)
Koha Biblionumber 13474
Koha Biblioitemnumber 13474
003 - KONTROL NUMARASI IDENTIFIER
Denetim Alanı MIRAKIL
005 - SON İŞLEM TARİHİ VE ZAMANI
Denetim Alanı 20190910145203.0
008 - SABİT-BOY VERİ ELEMANLARI - GENEL BİLGİLER
Sabit Uzunlukta Kontrol Alanı 190910b tu ||||| |||| 00| 0 tur d
020 ## - ULUSLARARASI STANDART KİTAP NUMARASI
Uluslararası Standart Kitap Numarası 9786055340940
040 ## - KATALOGLAMA KAYNAK
Orijinal Kataloglama Ajansı TR-AnCHP
Kataloglama Dili tur
Metne Dönüştürmek Ajansı TR-AnCHP
041 ## - DİL KODU
Metin / Ses Parça Veya Ayrı Başlığın Dil Kodu tur
082 ## - DEWEY ONLU SINIFLANDIRMA NUMARASI
Sınıflandırma Numarası 956.101591992
Ürün Numarası P36r 2012
100 1# - ANA GİRİŞ - KİŞİSEL İSİM
Kişisel Ad Perinçek, Mehmet
245 ## - BAŞLIK TABLOSU
Başlık Rus devlet arşivlerinden 150 belgede Ermeni meselesi/
Sorumluluk Tablosu, Vb Mehmet Perinçek.
250 ## - EDITION TABLOSU
Baskı Beyanı Gnşl. 6.bs.
260 ## - YAYIN, DAĞITIM, VB
Yayın, Dağıtım, Vb Yeri İstanbul:
Yayıncı, Dağıtıcı, Vs Adı Kırmızı kedi yayınevi,
Yayın, Dağıtım, Vb Tarihi 2012.
300 ## - FİZİKSEL TANIM
Kapsam 336 s.:
Diğer Fiziksel Ayrıntıları fotg. ,tbl.;
Boyutlar 23 sm.
490 0# - SERİSİ TABLOSU
Seri Beyanı Kırmızı Kedi Yayınevi ;
-- Tarih;
Hacim / Ardışık Tanımı 185.
-- 5.
650 ## - KONU KATMA GİRİŞ - TOPİKAL DÖNEM
Topikal Süreli Veya Coğrafi Ad Giriş Elemanı Ermeniler
Genel Alt Bölümü Tarih
Coğrafi Alt Bölümü Türkiye
650 ## - KONU KATMA GİRİŞ - TOPİKAL DÖNEM
Topikal Süreli Veya Coğrafi Ad Giriş Elemanı Ermeni sorunu
Genel Alt Bölümü Tarih
Kronolojik Alt Bölümü Belgeler
Coğrafi Alt Bölümü Rusya
651 ## - KONU KATMA GİRİŞ - COĞRAFİ ADI
Coğrafi İsim Ermenistan
Genel Alt Bölümü Tarih
Kronolojik Alt Bölümü 20. yüzyıl
942 ## - EKLENDİ GİRİŞ ELEMANLARI (KOHA)
Sınıflandırma Veya Raf Düzeni Kaynak Dewey Decimal Classification
Koha Öğesi Türü Books
Holdings
Kalıcı Konum Mevcut Konum Edinme Tarihi Toplam Check-Out'Lar Tam Çağrı Numarası Barkod Tarih Son Görülme İtibaren Geçerli Fiyatlar Koha Öğesi Türü
CHP Kütüphanesi CHP Kütüphanesi 09/10/2019   956.101591992 P36r 2012 011928 09/10/2019 09/10/2019 Books